| 000 | 00748 a2200289 4500 | ||
|---|---|---|---|
| 260 | _aParis | ||
| 630 | _a16 - Logique. Theorie de la connaissance | ||
| 037 | _b3, BU | ||
| 650 | _a1 - PHILOSOPHIE ET PSYCHOLOGIE | ||
| 100 | _aComte, Auguste | ||
| 260 | _bEcole des hautes études en sciences sociales | ||
| 260 | _bMouton | ||
| 245 | _aCorrespondance générale et confessions. Tome3: avril 1845-avril 1846 | ||
| 300 | _a445p. | ||
| 650 | _acorrespondance | ||
| 260 | _c1977 | ||
| 300 | _b23cm. | ||
| 100 | _lFr | ||
| 440 | _aArchives positivistes | ||
| 037 | _aL1876 | ||
| 037 | _aL2765 | ||
| 037 | _aL2763 | ||
| 700 | _aEd., <de> Berrêdo Carneiro, Paulo | ||
| 700 | _aEd., Arnaud, Pierre | ||
| 999 |
_c39572 _d39572 |
||